000 00634nam a22002417a 4500
003 UA-OsUOA
001 58980
007 ta
008 20090304b un ||||| |||| 00| 0 ukr d
100 _aКолас Я.
090 _a821.161.2(476)
_bК60
942 _cBK
040 _aUA-OsUOA
_bukr
_cUA-OsUOA
_dUA-OsUOA
245 _aНова земля
_bпоема
300 _a302 с.
955 _a3
041 _aukr
080 _a821.161.2(476)
020 _a966-579-200-8
260 _aК.
_bУкр. письменник
_c2006
650 7 _a82 Література. Літературознавство
_2UDC
999 _c345084
_d345084